Introduction to Evolutionary Computing /
Salvato in:
| Autori principali: | , |
|---|---|
| Natura: | Libro |
| Lingua: | inglese |
| Pubblicazione: |
Berlin :
Springer,
2015
|
| Edizione: | Second Edition |
| Tags: |
Nessun Tag, puoi essere il primo ad aggiungerne!!
|
MARC
| LEADER | 00000nam a22000003a 4500 | ||
|---|---|---|---|
| 001 | 0098549 | ||
| 003 | SK-STU | ||
| 005 | 20221125105548.9 | ||
| 007 | ta | ||
| 008 | 221125s ----xo-----e------000-0-----d | ||
| 020 | |a 978-3-662-44873-1 | ||
| 040 | |a STU |b slo | ||
| 041 | 0 | |a eng | |
| 044 | |a gw | ||
| 100 | 1 | |a Eiben, Agoston E. |4 aut | |
| 245 | 1 | 0 | |a Introduction to Evolutionary Computing / |c aut. Agoston E Eiben, James E Smith |
| 250 | |a Second Edition | ||
| 260 | |a Berlin : |b Springer, |c 2015 | ||
| 300 | |a 287 s. | ||
| 700 | 1 | |a Smith, James E |4 aut | |
| 996 | |b 284EK90328 |c E* 90328 |l EE35 |s P |a 0 |w 0098549_0001 | ||